Nice to each other - Olivia Dean Lyrics/paroles - Statistiques

Statistiques générales
  • Ce quiz a été pris 19 fois
    16 depuis la dernière actualisation
  • Le résultat moyen est 220 sur 307
Statistiques - réponses
Réponse % Correct
I
100%
a
89%
be
89%
other
89%
each
89%
me
89%
nice
89%
Nice
89%
nice)
89%
other
89%
the
89%
to
89%
we
89%
We
89%
again
78%
are,
78%
are
78%
back
78%
'Cause
78%
classic
78%
could
78%
don't
78%
for
78%
Here
78%
if
78%
in
78%
it
78%
It
78%
(It
78%
Italy
78%
know
78%
know,
78%
never
78%
Right
78%
so
78%
So
78%
switches
78%
There's
78%
where
78%
Wrong
78%
you
78%
And
67%
and
67%
but
67%
But
67%
car
67%
come
67%
crash
67%
front
67%
I'll
67%
keep
67%
make
67%
misery
67%
of
67%
probably
67%
rise
67%
Rise
67%
show
67%
stuff
67%
stuff ?
67%
stupid
67%
your
67%
all
56%
boyfriend
56%
call
56%
I've
56%
life
56%
much
56%
say
56%
unpack
56%
wait
56%
want
56%
we'll
56%
what's
56%
works,
56%
can
44%
cutlery
44%
done
44%
Just
44%
Meet
44%
night
44%
Now
44%
Now,
44%
now,
44%
now
44%
off
44%
or
44%
talking
44%
Hm
33%
end
33%
Fighting
33%
grow
33%
Hm
33%
shallow
33%
enough
22%
Oh
22%
sunlight,
22%
Water,
22%
at
11%
moutaintop
0%
Aucun quiz correspondant
Distribution des résultats
% des personnes avec chaque résultat
Percentile par nombre de réponses
Votre historique - résultats
Vous n’avez pas pris ce quiz depuis la dernière actualisation